Brand Logos Quizzes for POT - Statistics

General Stats
  • This quiz has been taken 217 times
  • The average score is 13 of 15
Answer Stats
Picture Answer % Correct
Nike
100%
Apple
99%
Domino's
99%
Starbucks
99%
McDonalds
97%
Facebook
96%
Instagram
96%
pepsi
96%
KFC
95%
tiktok
93%
honda
90%
Android
89%
New Balance
86%
iTunes
67%
airasia
17%
No matching quizzes found
Score Distribution
Percent of People with Each Score
Percentile by Number Answered
Your Score History
You have not taken this quiz